Designing Data-Intensive Applications

محفوظ في:
التفاصيل البيبلوغرافية
المؤلف الرئيسي: Martin Kleppmann
التنسيق: كتاب
منشور في: shroff
الموضوعات:
الوسوم: إضافة وسم
لا توجد وسوم, كن أول من يضع وسما على هذه التسجيلة!

MARC

LEADER 00000nam a2200000Ia 4500
005 20260427112712.0
526 |b Data Science 
100 |a Martin Kleppmann 
020 |a 9789352135240 
650 |a Data Engineering 
526 |a Bachelors 
942 |c BK 
245 |a Designing Data-Intensive Applications 
260 |b shroff 
999 |c 84  |d 84 
952 |0 0  |1 0  |4 0  |7 0  |8 2  |a BRISTOL  |b BRISTOL  |d 2026-04-22  |l 0  |p 000053  |r 2026-04-27 11:27:12  |w 2026-04-27  |y BK